| 000 | 00703nam a22002057a 4500 | ||
|---|---|---|---|
| 005 | 20130808164308.0 | ||
| 010 | _aB-508424-425 | ||
| 020 |
_a9788188222117 _c325.00 |
||
| 035 | _aB-508424-425 | ||
| 037 | _aKKP/Ven | ||
| 082 | _a537 | ||
| 100 | _aPandey, D.C. | ||
| 245 |
_aElectricity & Magnetism: _bunderstanding physics/ _cby D.C. Pandey |
||
| 260 |
_aNew Delhi _bArihant Publications (India) Ltd. |
||
| 270 |
_a4577/15,Agarwal Road,Darya Ganj, _bNew Delhi _e110002 _k47630600 _l23280316 |
||
| 300 |
_a582p. _c24cm.(pbk) |
||
| 500 | _aInclude index | ||
| 942 |
_2ddc _cEN _mPAN _h537 |
||
| 999 |
_c78329 _d78329 |
||